| 000 | 01172nam a2200241Ia 4500 | ||
|---|---|---|---|
| 999 |
_c55979 _d55979 |
||
| 001 | 23078 | ||
| 003 | GE_BSU | ||
| 005 | 20230529160930.0 | ||
| 008 | 181216s1990ge xx |||||||||||||| ||geo|| | ||
| 040 | _cGE_BSU | ||
| 041 | _ageo | ||
| 080 | _a821.14'01-32 ლ-92 | ||
| 100 |
_aლუკიანე _918274 |
||
| 245 |
_aპრომეთე / _cლუკიანე, ძვ. ბერძნ. თარგმნა, შესავალი, შენიშვნები და საძიებელი დაურთო მარი ფიჩხაძემ ; რედ.: აკაკი ურუშაძე |
||
| 264 |
_aთბილისი: _bუნ-ტის გამ-ბა, _c1990. |
||
| 300 |
_a80 გვ. ; _b 20 სმ. |
||
| 653 | _aპრომეთე | ||
| 653 | _aძველი ბერძნული ლიტერატურა | ||
| 700 |
_aფიჩხაძე, მარი _eმთარგმნელი _917116 |
||
| 700 |
_aურუშაძე, აკაკი _eრედაქტორი _918275 |
||
| 710 |
_aთსუ-ს ბერძნ.- ლათინ. ბიბლიოთეკა _918276 |
||
| 942 |
_cBK _2udc |
||